| 000 | 00595nam a22002417a 4500 | ||
|---|---|---|---|
| 003 | UA-OsUOA | ||
| 001 | 18561 | ||
| 007 | ta | ||
| 008 | 20040210b un ||||| |||| 00| 0 ukr d | ||
| 100 | _aБереза М.П. | ||
| 090 | _bБ-485 | ||
| 942 | _cBK | ||
| 040 |
_aUA-OsUOA _bukr _cUA-OsUOA _dUA-OsUOA |
||
| 245 |
_aЗ немовлятком слова _bПоезії |
||
| 300 | _a71 с. | ||
| 955 | _a0 | ||
| 041 | _aukr | ||
| 020 | _a966-8306-03-1 | ||
| 591 | _a84(4Укр)6 | ||
| 260 |
_aРівне _bВолинські обереги _c2003 |
||
| 044 | _aUA | ||
| 650 | 7 |
_aВірші _2UDC |
|
| 999 |
_c304732 _d304732 |
||